Fisiopatología y clínica de la nutrición: obesidad, diabetes, hiperlipoprotidemias, aterosclerosis /

Bibliographische Detailangaben
1. Verfasser: Braier, Leonardo Oscar (autor)
Format: Buch
Sprache:Spanish
Veröffentlicht: Buenos Aires: Médica Panamericana, 1988.
Ausgabe:Primera edición
Schlagworte:

MARC

LEADER 00000cam a2200000 i 4500
003 Ucuenca
005 20231129063506.0
006 a||||fr|||| 001|||
007 ta
008 991121|1988 ag |||||r|||||||||||spa||22
020 |a 950-06-0194-X 
040 |b spa  |a UCuenca-cdrjbv  |c UCuenca  |e rda 
041 0 |a spa 
082 0 |a 613.2  |2 22  |c 22126 
100 1 |9 82090  |a Braier, Leonardo Oscar  |e autor 
245 1 |a Fisiopatología y clínica de la nutrición:   |b obesidad, diabetes, hiperlipoprotidemias, aterosclerosis /   |c Leonardo Oscar Braier 
250 |a Primera edición  
264 1 |a Buenos Aires:  |b Médica Panamericana,   |c 1988. 
300 |a 718 páginas:  |c 22 cm  |b ilu 
336 |2 rdacontent  |a texto  |b txt 
337 |2 rdamedia  |a no mediado  |b n 
338 |2 rdacarrier  |a volumen  |b nc 
504 |a incl. ref. 
650 1 7 |a Aterosclerosis  |9 3572  |2 UCuenca-cdrjbv 
650 1 7 |9 3757  |a Obesidad  |2 UCuenca-cdrjbv 
650 1 7 |a Nutrición  |9 1204 
852 |a UC-SALUD  |f Compra  |l 1  |m General  |p 19911219  |q 97.700,00  |r 1  |t 22126  |y 126844  |b 0  |d CDRS  |e CDRS  |g 613.2 ESTANTERIA ABIERTA  |z 1991-11-21 
942 |c BK  |0 1  |2 ddc  |z margoth.maza@ucuenca.edu.ec  |r daniel.carrión@ucuenca.edu.ec 
999 |c 49118  |d 49118